Leone Leoni sculpteur de Charles-Quint et Pompeo Leoni sculpteur de Philippe II / (Record no. 162283)

MARC details
000 -LEADER
campo de control de longitud fija 00950nam a2200241 i 4500
001 - NÚMERO DE CONTROL
campo de control 162283
003 - IDENTIFICADOR DE NÚMERO DE CONTROL
campo de control ES-MaACL
005 - FECHA Y HORA DE LA ÚLTIMA TRANSACCIÓN
campo de control 20230906212453.0
008 - DATOS DE LONGITUD FIJA--INFORMACIÓN GENERAL
campo de control de longitud fija 990210s1887 fr af |||| | fre d
040 ## - FUENTE DE CATALOGACIÓN
Centro catalogador/agencia de origen CCPB | B
Lengua de catalogación spa
Centro/agencia transcriptor CCPB | B
100 1# - ENTRADA PRINCIPAL--NOMBRE DE PERSONA
Nombre de persona Plon, Eugène.
9 (RLIN) 131222
245 10 - MENCIÓN DEL TÍTULO
Título Leone Leoni sculpteur de Charles-Quint et Pompeo Leoni sculpteur de Philippe II /
Mención de responsabilidad, etc. par Eugène Plon.
260 ## - PUBLICACIÓN, DISTRIBUCIÓN, ETC.
Lugar de publicación, distribución, etc. Paris :
Nombre del editor, distribuidor, etc. E. Plon, Nourrit et Cie, imprimeurs-éditeurs,
Fecha de publicación, distribución, etc. 1887.
300 ## - DESCRIPCIÓN FÍSICA
Extensión IV, 439 p., LV h. de lám., [8] p. de fot. ;
Dimensiones 32 cm.
490 1# - MENCIÓN DE SERIE
Mención de serie Les maitres italiens au service de la Maison d'Autriche
597 ## - NOTA DE DESCRIPCIÓN FÍSICA
NOTA DE DESCRIPCIÓN FÍSICA Port. con grab. calc.
599 ## - NOTA A LAS ILUSTRACIONES
NOTA A LAS ILUSTRACIONES Las h. de lám. son aguafuertes, heliograbados y heliotipias.
600 04 - PUNTO DE ACCESO ADICIONAL DE MATERIA--NOMBRE DE PERSONA
Nombre de persona Leoni, Leone.
9 (RLIN) 71691
600 04 - PUNTO DE ACCESO ADICIONAL DE MATERIA--NOMBRE DE PERSONA
Nombre de persona Leoni, Pompeo.
9 (RLIN) 71693
830 0# - PUNTO DE ACCESO ADICIONAL DE SERIE-TÍTULO UNIFORME
Título uniforme Les maitres italiens au service de la Maison d'Autriche
9 (RLIN) 222183
852 ## - LOCALIZACIÓN
Ubicación ES-MaACL
Número de control de estantería B-2141
Nota libre -- Enc. pasta
Holdings
Estatus retirado Estado de pérdida Estado de daño No para préstamo Colección Biblioteca de origen Biblioteca actual Ubicación en estantería Fecha de adquisición Fuente de adquisición Total de préstamos Signatura topográfica completa Código de barras Visto por última vez Precio de reemplazo Tipo de ítem Koha
        Libros del s. XIX Biblioteca del Ateneo de Madrid Biblioteca del Ateneo de Madrid Sala Pardo Bazán 17/01/2008     B-2141 1170015 23/02/2023 23/02/2023 Libro impreso antiguo